Vision and the eye/ (Record no. 463569)

MARC details
000 -LEADER
fixed length control field 00786nam a2200289 a 4500
001 - CONTROL NUMBER
control field vtls001192954
003 - CONTROL NUMBER IDENTIFIER
control field NLI
005 - DATE AND TIME OF LATEST TRANSACTION
control field 20210603151052.0
008 - FIXED-LENGTH DATA ELEMENTS--GENERAL INFORMATION
fixed length control field 120328s1948 enka f001 0 eng d
039 #9 - LEVEL OF BIBLIOGRAPHIC CONTROL AND CODING DETAIL [OBSOLETE]
-- 201203281646
-- VLOAD
040 ## - CATALOGING SOURCE
Original cataloging agency NLI
Language of cataloging eng
Transcribing agency Entertech IMP - 2012
Description conventions AACR2
041 0# - LANGUAGE CODE
Language code of text/sound track or separate title eng
044 ## - COUNTRY OF PUBLISHING/PRODUCING ENTITY CODE
MARC country code enk
084 ## - OTHER CLASSIFICATION NUMBER
Classification number 132.H.253
100 1# - MAIN ENTRY--PERSONAL NAME
Personal name Pirenne, M. H.
Fuller form of name (Maurice Henri)
9 (RLIN) 626198
245 10 - TITLE STATEMENT
Title Vision and the eye/
Statement of responsibility, etc. by M. H. Pirenne
260 ## - PUBLICATION, DISTRIBUTION, ETC.
Place of publication, distribution, etc. London:
Name of publisher, distributor, etc. Pilot Press ,
Date of publication, distribution, etc. 1948
300 ## - PHYSICAL DESCRIPTION
Extent xx, 187 p. :
Other physical details ill. ;
Dimensions 19 cm.
650 #0 - SUBJECT ADDED ENTRY--TOPICAL TERM
Topical term or geographic name entry element Physiological optics
650 #0 - SUBJECT ADDED ENTRY--TOPICAL TERM
Topical term or geographic name entry element Vision
650 #0 - SUBJECT ADDED ENTRY--TOPICAL TERM
Topical term or geographic name entry element Eye
887 ## - NON-MARC INFORMATION FIELD
Content of non-MARC field
901 ## - LOCAL DATA ELEMENT A, LDA (RLIN)
a IMP80076 :
b 23.10.2010
902 ## - LOCAL DATA ELEMENT B, LDB (RLIN)
a 132.H.253
942 ## - ADDED ENTRY ELEMENTS (KOHA)
Source of classification or shelving scheme Dewey Decimal Classification
Koha item type Books
949 ## - LOCAL PROCESSING INFORMATION (OCLC)
-- VIRTUAITEM
-- 10000
-- 100
6 IMP000080076ENG
Holdings
Withdrawn status Lost status Damaged status Not for loan Home library Current library Date acquired Total Checkouts Full call number Barcode Date last seen Price effective from Koha item type
        National Library of India National Library of India     132.H.253 IMP000080076ENG 03/06/2021 03/06/2021 Books
                                                                           
web counter

Copyright ©2020 The National Library of India, Govt. of India ↔ Hosted by NVLI, MOC ↔ Technology and Design by National Library of India, Ministry of Culture, Govt. of India